| 000 | 00000nam##2200000za#4500 |
| 001 | 9.608248 |
| 003 | CaOODSP |
| 005 | 20210624213530 |
| 007 | cr ||||||||||| |
| 008 | 150406|2005||||xxc|||||o f|0| 0 fre|d |
| 040 | |aCaOODSP|bfre |
| 043 | |an-cn--- |
| 086 | 1 |aSC102-2/36-2005F-MP3 |
| 110 | 2 |aÉcole de la fonction publique du Canada. |
| 245 | 10|aDemander ou donner de l'information sur un projet. Fichier audio |h[ressource électronique] |
| 260 | |aOttawa - Ontario : |bÉcole de la fonction publique du Canada |
| 300 | |aDurée : 00:18:46 |
| 490 | 1 |aProgramme de français langue seconde - Niveaux A et B. Fichier audio |vObjectif de formation 36, 2005 |
| 500 | |aTitre de l'édition imprimée et du catalogueur. Fichiers audio qui accompagnent la version imprimée (SC102-2/36-2005F) et électronique (SC102-2/36-2005F-PDF) de ce titre. |
| 590 | |a15-01-Supp|b2015-01-26 |
| 590 | |a14-52-Supp|b2014-08-22 |
| 830 | #0|aProgramme de français langue seconde - Niveaux A et B. Fichier audio ;|vObjectif de formation 36, 2005|w(CaOODSP)9.504304 |
| 856 | 40|ahttp://publications.gc.ca|qMP3|s3002 Ko|uhttps://publications.gc.ca/collections/collection_2015/efpc-csps/SC102-2-36-18-2005-fra.mp3 |
| 856 | 40|ahttp://publications.gc.ca|qMP3|s3187 Ko|uhttps://publications.gc.ca/collections/collection_2015/efpc-csps/SC102-2-36-27-2005-fra.mp3 |
| 856 | 40|ahttp://publications.gc.ca|qMP3|s2120 Ko|uhttps://publications.gc.ca/collections/collection_2015/efpc-csps/SC102-2-36-16-2005-fra.mp3 |
| 856 | 40|ahttp://publications.gc.ca|qMP3|s13,057 Ko|uhttps://publications.gc.ca/collections/collection_2015/efpc-csps/SC102-2-36-22-2005-fra.mp3 |
| 856 | 40|ahttp://publications.gc.ca|qMP3|s3200 Ko|uhttps://publications.gc.ca/collections/collection_2015/efpc-csps/SC102-2-36-26-2005-fra.mp3 |
| 856 | 40|ahttp://publications.gc.ca|qMP3|s6656 Ko|uhttps://publications.gc.ca/collections/collection_2015/efpc-csps/SC102-2-36-5-2005-fra.mp3 |
| 856 | 40|ahttp://publications.gc.ca|qMP3|s5844 Ko|uhttps://publications.gc.ca/collections/collection_2015/efpc-csps/SC102-2-36-28-2005-fra.mp3|yObjectif de formation 36, 2005 |